Seminari transnacional de mediació intercultural : 22 i 23 d'abril de 1999 : ponències i conclusions : octubre de 1999 22 i 23 d'abril de 1999 : ponències i conclusions : octubre de 1999
Descripción Física:
164 pàgines : 30 cm
Idioma:
Catalán
MARC
| LEADER | 00000nam a2200000 a 4500 | ||
|---|---|---|---|
| 001 | 26426 | ||
| 008 | 220810b spa||||| |||| 00| 0 cat d | ||
| 080 | |a Bib-892 | ||
| 111 | |9 54140 |a Seminari transnacional de mediació intercultural |d (1999 : |c Barcelona) | ||
| 245 | 1 | 0 | |a Seminari transnacional de mediació intercultural : |b 22 i 23 d'abril de 1999 : ponències i conclusions : octubre de 1999 |
| 260 | |a Barcelona : |b Diputació de Barcelona. Àrea de Serveis Socials, |c gener de 2000 | ||
| 300 | |a 164 pàgines : |c 30 cm | ||
| 650 | 0 | |9 54141 |a Mediació |v Congressos | |
| 650 | 0 | |9 28356 |a Comunicació intercultural |x Congressos | |
| 710 | |a Barcelona (Catalunya : Província). |b Àrea de Serveis Socials |e entitat editora |9 53159 | ||
| 942 | |2 udc |c ARXIU |n 1 | ||
| 952 | |0 0 |1 0 |4 0 |6 BIB892 |7 1 |9 63392 |a Arxiu |b Arxiu |d 2022-08-10 |l 0 |o Bib-892 |p 26426 |r 2022-08-10 00:00:00 |w 2022-08-10 |y ARXIU | ||
| 999 | |c 82574 |d 82574 | ||